Statistiques concernant Focus sur: Celebrían - Tolkien

Cliquez ici pour prendre le quiz!

Statistiques générales

  • Ce quiz a été pris 9 fois
  • Le résultat moyen est 12 sur 14

Statistiques - réponses

Informations recherchéesRéponses% Correct
FilleArwen
100%
Espèce (choisie)Elfe
100%
EpouxElrond
100%
Ages durant lequel elle vécutPremier/Deuxième/Troisième
100%
Professions et titresReine d'Imladris
100%
Groupe de l'espèceSindar
100%
FilsElladan
88%
Elrohir
88%
Cité/valléeFondcombe
88%
Première mentionLe Hobbit
88%
PèreCeleborn
63%
Contrées et royaumesEriador
63%
MèreGaladriel
63%
Lothlórien
63%

Distribution des résultats

Percentile par nombre de réponses

% des personnes avec chaque résultat

Votre développement - résultats

Vous n’avez pas pris ce quiz